[Event "15th EUR-ch (w)"]
[Site "Plovdiv BUL"]
[Date "2014.07.15"]
[Round "9.1"]
[White "Melia, Salome"]
[Black "Gunina, Valentina"]
[Result "1/2-1/2"]
[WhiteElo "2454"]
[BlackElo "2501"]
[EventDate "2014.07.06"]
[PlyCount "136"]

1.e4 c6 2.d4 d5 3.Nc3 dxe4 4.Nxe4 Bf5 5.Ng3 Bg6 6.Nf3 Nd7 7.Bd3 Bxd3 8.
Qxd3 e6 9.O-O Ngf6 10.Bf4 Be7 11.c4 O-O 12.a3 Re8 13.Rad1 Nf8 14.Rfe1 Ng6 
15.Be5 Nd7 16.Ne4 Ndxe5 17.Nxe5 Qb6 18.b4 Rad8 19.Qg3 Rxd4 20.Nd7 Rxd1 21.
Rxd1 Qa6 22.Nec5 Qxc4 23.Nxb7 Qe2 24.Qd3 Qg4 25.h3 Qh5 26.Re1 Nf4 27.Qe4 
Nd5 28.Qc4 Rc8 29.Na5 Rc7 30.Ne5 c5 31.Nac6 Bd6 32.bxc5 Bf8 33.Qb5 f6 34.
Nd3 Nc3 35.Qc4 Ne2+ 36.Kf1 Ng3+ 37.fxg3 Rxc6 38.Rxe6 Qf5+ 39.Nf4 Rxc5 40.
Rxf6+ Rxc4 41.Rxf5 Bxa3 42.Rd5 Rc7 43.Ke2 Kf7 44.g4 g6 45.g5 Bb4 46.Nd3 
Bc3 47.Rd6 a5 48.Ra6 Ke8 49.Nf4 Rd7 50.h4 Kd8 51.g4 Kc7 52.Ne6+ Kb8 53.h5 
Rd5 54.Rc6 Be5 55.Nf8 a4 56.Ra6 Rd4 57.Nxh7 Kb7 58.Ra5 Bc7 59.Rb5+ Kc6 60.
Rb1 Rxg4 61.Rc1+ Kb6 62.Nf6 Rxg5 63.hxg6 Bf4 64.Rf1 Bg3 65.Ne4 Rxg6 66.Rg1
Re6 67.Rxg3 Rxe4+ 68.Kd3 Re1 1/2-1/2

[Event "15th EUR-ch (w)"]
[Site "Plovdiv BUL"]
[Date "2014.07.15"]
[Round "9.2"]
[White "Javakhishvili, Lela"]
[Black "Kosintseva, Tatiana"]
[Result "0-1"]
[WhiteElo "2474"]
[BlackElo "2476"]
[EventDate "2014.07.06"]
[PlyCount "96"]

1.d4 Nf6 2.c4 d6 3.Nf3 Nbd7 4.g3 e5 5.Nc3 g6 6.Bg2 Bg7 7.O-O O-O 8.e4 c6 
9.h3 a6 10.Qc2 Re8 11.Rd1 exd4 12.Nxd4 Qe7 13.Bf4 Ne5 14.b3 Bd7 15.Bg5 c5 
16.Nd5 Qd8 17.Ne2 Bc6 18.f4 Ned7 19.Nec3 Qb8 20.Rab1 Bxd5 21.Nxd5 Nxd5 22.
Rxd5 h6 23.Bh4 Nf8 24.g4 Ne6 25.Bg3 Nd4 26.Qd3 b5 27.e5 dxe5 28.fxe5 Qa7 
29.b4 bxc4 30.Qxc4 Rab8 31.Kh1 Ne6 32.a3 cxb4 33.axb4 Rec8 34.Qd3 Rc7 35.
Qd2 Rbc8 36.Rf1 Rc2 37.Rd7 Rxd2 38.Rxa7 Rcc2 39.Bb7 Rc3 40.Ra8+ Kh7 41.Be1
Rxh3+ 42.Kg1 Re2 43.Rxa6 Ng5 44.Bg2 Bxe5 45.Bf2 Rb3 46.Bc5 Rbb2 47.Rf2 
Re1+ 48.Rf1 Nf3+ 0-1

[Event "15th EUR-ch (w)"]
[Site "Plovdiv BUL"]
[Date "2014.07.15"]
[Round "9.3"]
[White "Batsiashvili, Nino"]
[Black "Danielian, Elina"]
[Result "1/2-1/2"]
[WhiteElo "2417"]
[BlackElo "2458"]
[EventDate "2014.07.06"]
[PlyCount "93"]

1.d4 Nf6 2.c4 e6 3.Nf3 Bb4+ 4.Nc3 d5 5.cxd5 exd5 6.Bg5 h6 7.Bh4 c5 8.e3 c4
9.Be2 g5 10.Bg3 Ne4 11.Rc1 Qa5 12.Ne5 Nc6 13.O-O Nxg3 14.hxg3 Nxe5 15.dxe5
Be6 16.a3 Bxc3 17.Rxc3 O-O-O 18.Qd4 Kb8 19.b3 h5 20.f4 gxf4 21.gxf4 Bg4 
22.Bf3 Bxf3 23.Rxf3 Rhg8 24.b4 Qa6 25.f5 Qc6 26.Rf4 Qh6 27.Rc2 Rge8 28.
Rcf2 Qa6 29.Qc3 Qc6 30.Rh4 Qc7 31.e6 fxe6 32.fxe6 Rxe6 33.Rxh5 a6 34.Rf3 
Re4 35.Rh8 Ka7 36.Rxd8 Qxd8 37.a4 a5 38.bxa5 Qc7 39.Rf8 Qg3 40.Rf3 Qc7 41.
Kf2 Qc5 42.Rf5 d4 43.Rxc5 dxc3 44.Ke2 c2 45.Kd2 Rxe3 46.Rxc4 Rg3 47.Kxc2 
1/2-1/2

[Event "15th EUR-ch (w)"]
[Site "Plovdiv BUL"]
[Date "2014.07.15"]
[Round "9.4"]
[White "Zhukova, Natalia"]
[Black "Hoang Thanh Trang"]
[Result "1-0"]
[WhiteElo "2451"]
[BlackElo "2490"]
[EventDate "2014.07.06"]
[PlyCount "101"]

1.d4 f5 2.Nf3 Nf6 3.g3 g6 4.Bg2 Bg7 5.O-O O-O 6.c4 d6 7.Nc3 c6 8.b3 Na6 9.
Bb2 Qe8 10.Ba3 h6 11.b4 Nc7 12.Rb1 Qf7 13.Nd2 Be6 14.b5 Bxc4 15.bxc6 bxc6 
16.Bxc6 Ncd5 17.Nxd5 Bxd5 18.Bxa8 Bxa8 19.Qa4 g5 20.Qxa7 Qd5 21.f3 Qxa2 
22.Rb2 Qe6 23.Rf2 g4 24.Rb8 gxf3 25.exf3 Qe1+ 26.Nf1 Bd5 27.Bb4 Qd1 28.
Rxf8+ Bxf8 29.Qa3 Qxd4 30.Bc3 Qd3 31.Bb2 Qd1 32.Bxf6 exf6 33.Rd2 Qxf3 34.
Qxf3 Bxf3 35.Ne3 Be4 36.Nd5 Kf7 37.Kf2 f4 38.Nxf4 f5 39.Ke3 Be7 40.h4 Kg7 
41.Nd5 Bd8 42.Nc3 Bb6+ 43.Kf4 Bh1 44.Kxf5 Bc5 45.Ne4 Bb4 46.Rd4 Be1 47.
Nxd6 h5 48.Rd1 Bb4 49.Ne8+ Kf8 50.Rxh1 Kxe8 51.Kg6 1-0

[Event "15th EUR-ch (w)"]
[Site "Plovdiv BUL"]
[Date "2014.07.15"]
[Round "9.5"]
[White "Arabidze, Meri"]
[Black "Muzychuk, Maria"]
[Result "0-1"]
[WhiteElo "2406"]
[BlackElo "2521"]
[EventDate "2014.07.06"]
[PlyCount "62"]

1.c4 Nf6 2.Nf3 e6 3.Nc3 d5 4.d4 c6 5.Bg5 h6 6.Bh4 dxc4 7.a3 Be7 8.Qc2 b5 
9.Rd1 Nd5 10.Bxe7 Qxe7 11.Ne4 Nd7 12.Ne5 Nxe5 13.dxe5 O-O 14.Qd2 f5 15.Nd6
a5 16.e3 Qa7 17.Be2 Qc5 18.Rc1 Nb6 19.f4 Nd5 20.e4 fxe4 21.Nxe4 Qb6 22.g3 
Bb7 23.Nd6 c5 24.O-O a4 25.f5 Bc6 26.fxe6 c3 27.Qe1 c4+ 28.Rf2 cxb2 29.Rb1
Rxf2 30.Qxf2 Qxf2+ 31.Kxf2 c3 0-1

[Event "15th EUR-ch (w)"]
[Site "Plovdiv BUL"]
[Date "2014.07.15"]
[Round "9.6"]
[White "Girya, Olga"]
[Black "Foisor, Cristina"]
[Result "1/2-1/2"]
[WhiteElo "2493"]
[BlackElo "2383"]
[EventDate "2014.07.06"]
[PlyCount "57"]

1.d4 g6 2.Nf3 Bg7 3.c4 c5 4.d5 d6 5.e4 e6 6.Bd3 Ne7 7.O-O O-O 8.Re1 exd5 
9.cxd5 Bg4 10.Nbd2 Nd7 11.Qc2 Rc8 12.Bc4 h6 13.h3 Bxf3 14.Nxf3 g5 15.a4 
Ng6 16.Ra3 Nde5 17.Nxe5 Bxe5 18.Be2 Qf6 19.Bg4 Rc7 20.Rf3 Qg7 21.g3 Bd4 
22.b3 Re8 23.Kg2 Rce7 24.Rf5 Rc7 25.Re2 Ne7 26.Rf3 Ng6 27.Rf5 Ne7 28.Rf3 
Ng6 29.Rf5 1/2-1/2

[Event "15th EUR-ch (w)"]
[Site "Plovdiv BUL"]
[Date "2014.07.15"]
[Round "9.7"]
[White "Stefanova, Antoaneta"]
[Black "Schleining, Zoya"]
[Result "1-0"]
[WhiteElo "2488"]
[BlackElo "2376"]
[EventDate "2014.07.06"]
[PlyCount "79"]

1.d4 Nf6 2.c4 g6 3.Nc3 Bg7 4.e4 O-O 5.Bd3 d6 6.Nge2 c5 7.d5 e6 8.h3 exd5 
9.cxd5 Re8 10.Ng3 Na6 11.O-O Nc7 12.f4 b5 13.Qf3 c4 14.Bc2 b4 15.Nce2 Nb5 
16.Bd2 a5 17.a4 Nc7 18.Be3 Bb7 19.Bd4 Qd7 20.Rfd1 Re7 21.Nf1 Qe8 22.Neg3 
Na6 23.Ne3 Rc8 24.Nef5 gxf5 25.Nxf5 Qf8 26.Qg3 Ne8 27.e5 f6 28.Qh4 Rec7 
29.e6 Bxd5 30.Ne3 Bxe6 31.Bxh7+ Kf7 32.f5 Bd7 33.Bg6+ Ke7 34.Nd5+ Kd8 35.
Bb6 Bc6 36.Qxc4 Bxd5 37.Rxd5 Nc5 38.Rxc5 dxc5 39.Rd1+ Nd6 40.Qe6 1-0

[Event "15th EUR-ch (w)"]
[Site "Plovdiv BUL"]
[Date "2014.07.15"]
[Round "9.8"]
[White "Khurtsidze, Nino"]
[Black "Nikolova, Adriana"]
[Result "1-0"]
[WhiteElo "2460"]
[BlackElo "2303"]
[EventDate "2014.07.06"]
[PlyCount "63"]

1.d4 Nf6 2.Nf3 d5 3.c4 c6 4.Nc3 dxc4 5.a4 Bf5 6.Ne5 e6 7.f3 Bb4 8.e4 Bxe4 
9.Nxf7 Kxf7 10.fxe4 c5 11.d5 exd5 12.exd5 Ne4 13.Qh5+ g6 14.Qf3+ Qf6 15.
Qxf6+ Nxf6 16.Bxc4 Re8+ 17.Kd1 Nbd7 18.Nb5 Re5 19.Bf4 Rh5 20.Nc7 Rc8 21.
d6+ Kg7 22.Be6 g5 23.Be5 Nxe5 24.Bxc8 Ne4 25.d7 Nxd7 26.Bxd7 Nf2+ 27.Kc2 
Nxh1 28.Rxh1 Rh4 29.Rf1 Rxh2 30.Ne6+ Kh6 31.Be8 Rxg2+ 32.Kb1 1-0

[Event "15th EUR-ch (w)"]
[Site "Plovdiv BUL"]
[Date "2014.07.15"]
[Round "9.9"]
[White "Szczepkowska-Horowska, Karina"]
[Black "Skripchenko, Almira"]
[Result "1-0"]
[WhiteElo "2369"]
[BlackElo "2449"]
[EventDate "2014.07.06"]
[PlyCount "55"]

1.e4 d5 2.exd5 Qxd5 3.Nc3 Qa5 4.d4 Nf6 5.Bc4 Bg4 6.f3 Bf5 7.Ne2 Nbd7 8.g4 
Bg6 9.h4 h6 10.Nf4 Bh7 11.Bd2 c6 12.Qe2 Qd8 13.O-O-O Nb6 14.Bb3 Rc8 15.g5 
Nfd5 16.g6 Bxg6 17.Ncxd5 cxd5 18.Nxg6 fxg6 19.Ba5 Kf7 20.Bxb6 axb6 21.h5 
gxh5 22.f4 e6 23.f5 exf5 24.Qe5 Qf6 25.Bxd5+ Kg6 26.Rhg1+ Kh7 27.Qxf6 gxf6
28.Be6 1-0

[Event "15th EUR-ch (w)"]
[Site "Plovdiv BUL"]
[Date "2014.07.15"]
[Round "9.10"]
[White "Bulmaga, Irina"]
[Black "Dzagnidze, Nana"]
[Result "0-1"]
[WhiteElo "2357"]
[BlackElo "2541"]
[EventDate "2014.07.06"]
[PlyCount "56"]

1.e4 e6 2.d4 d5 3.Nc3 Bb4 4.e5 c5 5.a3 Bxc3+ 6.bxc3 Ne7 7.Qg4 Qc7 8.Qxg7 
Rg8 9.Qxh7 cxd4 10.Ne2 Nbc6 11.f4 dxc3 12.h4 d4 13.Qd3 b6 14.h5 Bb7 15.Rg1
O-O-O 16.Rb1 Nd5 17.g4 f6 18.exf6 Nxf6 19.h6 Nb8 20.Nxd4 Nc6 21.Nb5 Qe7 
22.Qxc3 Ne4 23.Nxa7+ Kc7 24.Nb5+ Kb8 25.Qe3 Qh4+ 26.Ke2 Rxg4 27.Qxb6 Rxg1 
28.Qxg1 Qh5+ 0-1

[Event "15th EUR-ch (w)"]
[Site "Plovdiv BUL"]
[Date "2014.07.15"]
[Round "9.11"]
[White "Socko, Monika"]
[Black "Goriachkina, Alexandra"]
[Result "1-0"]
[WhiteElo "2462"]
[BlackElo "2434"]
[EventDate "2014.07.06"]
[PlyCount "75"]

1.e4 c5 2.Nf3 Nc6 3.Bb5 g6 4.Bxc6 dxc6 5.d3 Bg7 6.h3 b6 7.Nc3 Nf6 8.Be3 
Nd7 9.Qd2 h6 10.O-O e5 11.Nh2 g5 12.Ne2 Bf6 13.c3 Nf8 14.Rfd1 Ne6 15.Rac1 
h5 16.Ng3 Bd7 17.Qe2 Qc7 18.Nxh5 Be7 19.Ng3 Nf4 20.Bxf4 exf4 21.Nf5 Bxf5 
22.exf5 O-O-O 23.Ng4 Rd5 24.f6 Bd8 25.d4 c4 26.b3 cxb3 27.axb3 Rd6 28.c4 
Bxf6 29.c5 Re6 30.Qf3 b5 31.d5 cxd5 32.Qxd5 Rd8 33.Qf5 Rxd1+ 34.Rxd1 Bd8 
35.Nh6 Kb8 36.Nxf7 Re8 37.Rd7 Qa5 38.Nd6 1-0

[Event "15th EUR-ch (w)"]
[Site "Plovdiv BUL"]
[Date "2014.07.15"]
[Round "9.12"]
[White "Pahtz, Elisabeth"]
[Black "Mammadzada, Gunay"]
[Result "1-0"]
[WhiteElo "2456"]
[BlackElo "2182"]
[EventDate "2014.07.06"]
[PlyCount "119"]

1.c4 c6 2.Nf3 d5 3.g3 Nf6 4.Bg2 Bg4 5.cxd5 Bxf3 6.Bxf3 cxd5 7.Qb3 Qc7 8.
Nc3 e6 9.d3 Nc6 10.O-O Be7 11.Bg2 O-O 12.Bd2 Qd7 13.Rfc1 Rfc8 14.Qd1 Rab8 
15.Bf4 Bd6 16.Bg5 Be5 17.Rab1 h6 18.Bd2 b5 19.Qf1 Qb7 20.e3 b4 21.Na4 Nd7 
22.b3 Bd6 23.d4 Nf6 24.Qd3 e5 25.Bh3 Rd8 26.Qc2 Ne4 27.Be1 Ne7 28.dxe5 
Bxe5 29.Nc5 Nxc5 30.Qxc5 Ng6 31.Rd1 Qa6 32.Rxd5 Qxa2 33.Bf5 Bc3 34.Bxc3 
bxc3 35.Rxd8+ Rxd8 36.Qxc3 Rd2 37.Ra1 Qb2 38.Qxb2 Rxb2 39.Bxg6 fxg6 40.
Rxa7 Rxb3 41.h4 Rb5 42.Kg2 Re5 43.Kf3 g5 44.hxg5 Rxg5 45.Kf4 Rg6 46.e4 
Rf6+ 47.Ke3 Rb6 48.Rd7 Rb1 49.Kf4 Rf1 50.Rd2 Kf7 51.Kf5 g6+ 52.Ke5 h5 53.
Ra2 Kg7 54.Ke6 Rb1 55.Ra7+ Kh6 56.e5 Rb2 57.f4 Rb3 58.Kf7 Rxg3 59.Kg8 g5 
60.Ra6# 1-0

[Event "15th EUR-ch (w)"]
[Site "Plovdiv BUL"]
[Date "2014.07.15"]
[Round "9.13"]
[White "Mkrtchian, Lilit"]
[Black "Charochkina, Daria"]
[Result "1-0"]
[WhiteElo "2446"]
[BlackElo "2375"]
[EventDate "2014.07.06"]
[PlyCount "129"]

1.Nf3 Nf6 2.c4 e6 3.e3 d5 4.d4 b6 5.Nc3 Bb7 6.cxd5 exd5 7.Bb5+ c6 8.Bd3 
Bd6 9.O-O c5 10.Bb5+ Nbd7 11.dxc5 Bxc5 12.Ne5 a6 13.Bxd7+ Nxd7 14.Nxd7 
Qxd7 15.Ne2 O-O 16.b3 a5 17.Bb2 a4 18.b4 Be7 19.a3 Ba6 20.Re1 Bc4 21.Ng3 
Rfe8 22.Nh5 f6 23.Qf3 Qe6 24.Rad1 Bd6 25.Rd4 Be5 26.Rg4 Re7 27.Nxf6+ Bxf6 
28.Qxf6 Qxg4 29.Qxe7 Rf8 30.Qc7 h5 31.Qg3 Qxg3 32.hxg3 Re8 33.Bd4 b5 34.f3
Kf7 35.Kf2 g5 36.Rh1 Kg6 37.Bc5 Re6 38.Rd1 Kf5 39.Rd4 Kg6 40.g4 h4 41.Rd1 
Re8 42.Rh1 Rh8 43.Rh3 Rh7 44.g3 Bb3 45.gxh4 gxh4 46.Rh1 Kg5 47.Kg2 Bc4 48.
Kh3 Be2 49.f4+ Kg6 50.Re1 Bd3 51.Rd1 Bc4 52.e4 dxe4 53.Rd6+ Kg7 54.Rd7+ 
Bf7 55.Rb7 Rh6 56.f5 e3 57.g5 Rh5 58.Bxe3 Kf8 59.Rxb5 Bc4 60.Rb7 Bf1+ 61.
Kh2 Bd3 62.f6 Rh7 63.Rxh7 Bxh7 64.b5 Kf7 65.b6 1-0

[Event "15th EUR-ch (w)"]
[Site "Plovdiv BUL"]
[Date "2014.07.15"]
[Round "9.14"]
[White "Kashlinskaya, Alina"]
[Black "Mammadova, Gulnar"]
[Result "1-0"]
[WhiteElo "2441"]
[BlackElo "2331"]
[EventDate "2014.07.06"]
[PlyCount "55"]

1.d4 d5 2.c4 c6 3.Nc3 Nf6 4.Nf3 dxc4 5.a4 Bf5 6.Nh4 Bc8 7.e3 e5 8.Bxc4 
exd4 9.exd4 Be7 10.O-O O-O 11.Re1 Na6 12.Nf3 Nb4 13.Bg5 Bf5 14.Nh4 Bc2 15.
Qe2 Re8 16.Nf3 Bg6 17.Ne5 Qxd4 18.Rad1 Qc5 19.Nxg6 hxg6 20.Bxf6 gxf6 21.
Rd7 Kf8 22.Ne4 Qf5 23.Qd2 Kg7 24.Ng3 Qc5 25.Bxf7 Kxf7 26.Ne4 Qd5 27.Nd6+ 
Kg8 28.Qh6 1-0

[Event "15th EUR-ch (w)"]
[Site "Plovdiv BUL"]
[Date "2014.07.15"]
[Round "9.15"]
[White "Olsarova, Tereza"]
[Black "Daulyte, Deimante"]
[Result "0-1"]
[WhiteElo "2251"]
[BlackElo "2405"]
[EventDate "2014.07.06"]
[PlyCount "56"]

1.e4 d6 2.d4 Nf6 3.Nc3 e5 4.Nf3 Nbd7 5.Bc4 Be7 6.Bxf7+ Kxf7 7.Ng5+ Kg8 8.
Ne6 Qe8 9.Nxc7 Qg6 10.O-O Rb8 11.f4 h6 12.Rf3 Kh7 13.f5 Qh5 14.Ne6 exd4 
15.Nd5 Nxd5 16.Nxg7 Qg4 17.Bxh6 Ne5 18.Rh3 Qxd1+ 19.Rxd1 Ng4 20.exd5 Nxh6 
21.Ne6 Bxe6 22.fxe6 Rbc8 23.Rb3 b6 24.Ra3 a5 25.Rb3 Rxc2 26.Rxb6 Bg5 27.
Rxd6 Be3+ 28.Kh1 Ng4 0-1

[Event "15th EUR-ch (w)"]
[Site "Plovdiv BUL"]
[Date "2014.07.15"]
[Round "9.16"]
[White "Pogonina, Natalia"]
[Black "Videnova, Iva"]
[Result "1/2-1/2"]
[WhiteElo "2508"]
[BlackElo "2315"]
[EventDate "2014.07.06"]
[PlyCount "109"]

1.d4 Nf6 2.c4 g6 3.Nf3 Bg7 4.e3 O-O 5.Be2 c5 6.d5 e6 7.Nc3 exd5 8.cxd5 d6 
9.Nd2 Na6 10.e4 Nc7 11.O-O Rb8 12.a4 a6 13.a5 Bd7 14.Qb3 Re8 15.Re1 Ng4 
16.Bxg4 Bxg4 17.Nc4 Bd4 18.Be3 Nb5 19.Nxb5 axb5 20.Qxb5 Rxe4 21.Qb3 Bxe3 
22.Rxe3 Rd4 23.Nb6 Qf6 24.Qc3 h5 25.Rae1 Kg7 26.Re4 Rxe4 27.Rxe4 Bf5 28.
Qxf6+ Kxf6 29.Re3 Rd8 30.h4 Bd7 31.Kh2 Bb5 32.f4 Rg8 33.Kg3 Rh8 34.Kf2 Rd8
35.g3 Ba6 36.Ke1 Kg7 37.Kd2 Kf6 38.Kc3 Kf5 39.b4 cxb4+ 40.Kxb4 f6 41.Kc3 
g5 42.fxg5 fxg5 43.hxg5 Kxg5 44.Re6 Kg4 45.Rg6+ Kf5 46.Rh6 Kg4 47.Kd4 Be2 
48.Rg6+ Kf5 49.Rg7 Ba6 50.Ke3 Re8+ 51.Kf3 Be2+ 52.Kf2 Ba6 53.Rf7+ Kg4 54.
Rg7+ Kf5 55.Rf7+ 1/2-1/2

[Event "15th EUR-ch (w)"]
[Site "Plovdiv BUL"]
[Date "2014.07.15"]
[Round "9.17"]
[White "Bodnaruk, Anastasia"]
[Black "Yildiz, Betul Cemre"]
[Result "1-0"]
[WhiteElo "2429"]
[BlackElo "2312"]
[EventDate "2014.07.06"]
[PlyCount "45"]

1.e4 e5 2.Nf3 Nc6 3.Bb5 a6 4.Ba4 Nf6 5.O-O b5 6.Bb3 Bb7 7.d4 exd4 8.e5 Ne4
9.Bd5 Nc5 10.Nxd4 Nxd4 11.Bxb7 Nxb7 12.Qxd4 Be7 13.Qg4 Kf8 14.f4 d6 15.Nc3
Nc5 16.Be3 Qc8 17.Qf3 Qb7 18.Nd5 Nd7 19.Rad1 Rd8 20.Qg3 Qc6 21.Nxe7 Kxe7 
22.Qg5+ Ke8 23.Qxg7 1-0

[Event "15th EUR-ch (w)"]
[Site "Plovdiv BUL"]
[Date "2014.07.15"]
[Round "9.18"]
[White "Savina, Anastasia"]
[Black "Ozturk, Kubra"]
[Result "1-0"]
[WhiteElo "2383"]
[BlackElo "2311"]
[EventDate "2014.07.06"]
[PlyCount "105"]

1.d4 Nf6 2.c4 e6 3.Nc3 Bb4 4.f3 d5 5.a3 Bxc3+ 6.bxc3 c6 7.e3 O-O 8.Bd3 b6 
9.cxd5 exd5 10.Ne2 Ba6 11.Bxa6 Nxa6 12.Qd3 Nc7 13.O-O Re8 14.Ng3 Qe7 15.
Ra2 c5 16.e4 Nd7 17.Nf5 Qe6 18.e5 Qg6 19.g4 c4 20.Qb1 b5 21.h4 a5 22.Bg5 
Qb6 23.Ne7+ Kh8 24.Qf5 Nxe5 25.Qxe5 f6 26.Nxd5 Nxd5 27.Qxd5 Rad8 28.Qf5 
fxg5 29.hxg5 Rf8 30.Qb1 b4 31.axb4 axb4 32.Qxb4 Qxb4 33.cxb4 Rxd4 34.Rc1 
Kg8 35.Rc3 Rd5 36.Kg2 Rxg5 37.Rxc4 Rd5 38.Rc7 Rb8 39.Raa7 Rg5 40.Kg3 Rg6 
41.b5 h5 42.Ra6 Rg5 43.b6 Rb5 44.Raa7 hxg4 45.Rxg7+ Kh8 46.Rh7+ Kg8 47.
Rag7+ Kf8 48.Rc7 Kg8 49.b7 gxf3 50.Rhd7 Re8 51.Rc8 Kf8 52.Rxe8+ Kxe8 53.
Rc7 1-0

[Event "15th EUR-ch (w)"]
[Site "Plovdiv BUL"]
[Date "2014.07.15"]
[Round "9.20"]
[White "Guseva, Marina"]
[Black "Stetsko, Lanita"]
[Result "1-0"]
[WhiteElo "2362"]
[BlackElo "2245"]
[EventDate "2014.07.06"]
[PlyCount "81"]

1.d4 Nf6 2.c4 e6 3.Nf3 d5 4.Nc3 Bb4 5.cxd5 exd5 6.Bg5 h6 7.Bh4 g5 8.Bg3 
Ne4 9.Nd2 Nxg3 10.hxg3 c6 11.e4 Qe7 12.Qb3 Be6 13.a3 Ba5 14.e5 Bf5 15.Be2 
Bb6 16.Nf3 Nd7 17.O-O-O O-O-O 18.Na4 f6 19.Nxb6+ axb6 20.Bd3 Bxd3 21.Rxd3 
fxe5 22.Nxe5 Nxe5 23.dxe5 Qc5+ 24.Qc2 Qxc2+ 25.Kxc2 Rdf8 26.f3 Rf5 27.Re3 
Kd7 28.g4 Rf4 29.Kd3 c5 30.g3 Rd4+ 31.Ke2 Rc4 32.Rc3 Rd4 33.Rd3 Re8 34.
Rxd4 Rxe5+ 35.Kd2 cxd4 36.Re1 Rxe1 37.Kxe1 Kd6 38.Kd2 b5 39.f4 Kc5 40.Kd3 
b6 41.f5 1-0

[Event "15th EUR-ch (w)"]
[Site "Plovdiv BUL"]
[Date "2014.07.15"]
[Round "9.21"]
[White "Abdulla, Khayala"]
[Black "Gvetadze, Sopio"]
[Result "0-1"]
[WhiteElo "2233"]
[BlackElo "2356"]
[EventDate "2014.07.06"]
[PlyCount "72"]

1.e4 Nf6 2.e5 Nd5 3.d4 d6 4.Nf3 g6 5.Ng5 dxe5 6.dxe5 Nc6 7.Bb5 Bg7 8.O-O 
O-O 9.Bxc6 bxc6 10.Qe2 Nb4 11.Re1 Bf5 12.Na3 Qc8 13.Qc4 a5 14.e6 Bxe6 15.
Nxe6 fxe6 16.Rxe6 Kh8 17.Rxe7 Qf5 18.Re2 Rae8 19.c3 Nd3 20.Be3 Ne5 21.Qh4 
g5 22.Qg3 g4 23.Rd2 Rg8 24.Qf4 Qg6 25.Qg5 Qe6 26.Kh1 Ref8 27.Bd4 Nf3 28.
gxf3 Bxd4 29.Qh4 Bc5 30.Rg1 gxf3 31.Rdd1 Rg2 32.Qh5 Bxf2 33.Rgf1 Qe4 34.
Qh6 Bc5 35.Rd4 Bxd4 36.Qxf8+ Rg8 0-1

[Event "15th EUR-ch (w)"]
[Site "Plovdiv BUL"]
[Date "2014.07.15"]
[Round "9.22"]
[White "Agrest, Inna"]
[Black "Kocetkova, Julia"]
[Result "1/2-1/2"]
[WhiteElo "2223"]
[BlackElo "2333"]
[EventDate "2014.07.06"]
[PlyCount "95"]

1.e4 e5 2.Nf3 d6 3.d4 exd4 4.Nxd4 Nf6 5.Nc3 Be7 6.h3 O-O 7.Be3 Re8 8.Qf3 
c5 9.Nb3 Nc6 10.Rd1 Bd7 11.Be2 a6 12.Bf4 b5 13.O-O Ne5 14.Bxe5 dxe5 15.Nd5
Nxd5 16.Rxd5 Qc7 17.c4 Rab8 18.Rc1 Bc6 19.Rdd1 Qb6 20.Rc3 h6 21.Qg4 Bf8 
22.Rg3 Rbd8 23.Rxd8 Qxd8 24.Qf5 Bd7 25.Qh5 Qb6 26.Rf3 Qe6 27.Nd2 Bc6 28.
cxb5 axb5 29.a4 Rd8 30.axb5 Rxd2 31.bxc6 Rxe2 32.c7 Re1+ 33.Kh2 Ra1 34.
c8=Q Qxc8 35.Qxf7+ Kh7 36.Qxf8 Qxf8 37.Rxf8 Rb1 38.Rc8 Rxb2 39.Rxc5 Rxf2 
40.Rxe5 Kg6 41.Kg3 Rf1 42.Kg4 Re1 43.h4 Kf6 44.Rf5+ Ke6 45.Rf4 Ke5 46.Rf5+
Ke6 47.Rf4 Ke5 48.Rf5+ 1/2-1/2

[Event "15th EUR-ch (w)"]
[Site "Plovdiv BUL"]
[Date "2014.07.15"]
[Round "9.23"]
[White "Kursova, Maria"]
[Black "Ibrahimova, Sabina"]
[Result "1/2-1/2"]
[WhiteElo "2331"]
[BlackElo "2218"]
[EventDate "2014.07.06"]
[PlyCount "146"]

1.d4 Nf6 2.Nf3 g6 3.c4 Bg7 4.g3 d6 5.Bg2 O-O 6.O-O Nc6 7.Nc3 a6 8.d5 Na5 
9.Nd2 c5 10.Rb1 Rb8 11.b3 b5 12.Bb2 bxc4 13.bxc4 Bf5 14.e4 Bg4 15.Qc2 Qc7 
16.h3 Bd7 17.Ne2 Rb4 18.Bc3 Ra4 19.Ba1 Rb8 20.Rxb8+ Qxb8 21.Rb1 Rb4 22.
Rxb4 cxb4 23.Qb1 Ne8 24.Bxg7 Nxg7 25.Nf4 f5 26.Nd3 fxe4 27.Qxb4 Qc7 28.
Bxe4 Bxh3 29.c5 dxc5 30.Nxc5 Bc8 31.Bd3 Nb7 32.Nxa6 Qc1+ 33.Kg2 Nd6 34.Nc5
Nh5 35.Nf1 Nf6 36.Ne3 Qa1 37.a4 Qa2 38.a5 Nxd5 39.Qb3 Qxb3 40.Nxb3 Nb4 41.
Be2 Kg7 42.f3 h5 43.Kf2 g5 44.Nc4 Ba6 45.Nb6 Nb7 46.Nd7 Bxe2 47.Kxe2 Na6 
48.Kd3 h4 49.gxh4 gxh4 50.Ke3 Kf7 51.Kf4 Ke6 52.Nb6 Kd6 53.Kg4 Kc6 54.Nc8 
Kd7 55.Na7 Nac5 56.Nxc5+ Nxc5 57.Nb5 Kc6 58.Nc3 Nb3 59.a6 Nc5 60.a7 Kb7 
61.Nb5 Nd7 62.Kxh4 Ne5 63.f4 Ng6+ 64.Kg5 Nxf4 65.Kxf4 e5+ 66.Ke4 Ka8 67.
Kd5 Kb7 68.Kc5 e4 69.Kd4 e3 70.Kxe3 Ka8 71.Kd4 Kb7 72.Kc5 Ka8 73.Nc7+ Kxa7
1/2-1/2

[Event "15th EUR-ch (w)"]
[Site "Plovdiv BUL"]
[Date "2014.07.15"]
[Round "9.24"]
[White "Ovod, Evgenia"]
[Black "Belenkaya, Dina"]
[Result "1/2-1/2"]
[WhiteElo "2330"]
[BlackElo "2223"]
[EventDate "2014.07.06"]
[PlyCount "102"]

1.c4 e5 2.Nc3 Nf6 3.Nf3 Nc6 4.e4 Bb4 5.d3 d6 6.a3 Bxc3+ 7.bxc3 O-O 8.g3 
Nb8 9.Bg2 Na6 10.O-O Nc5 11.Be3 Re8 12.h3 Bd7 13.Ne1 Ba4 14.Qe2 Nfd7 15.f4
exf4 16.Rxf4 b5 17.cxb5 Bxb5 18.c4 Bc6 19.Nc2 Rb8 20.Raf1 f6 21.Nb4 Ba8 
22.Rh4 Nf8 23.Kh2 Ng6 24.Rh5 Re5 25.Rxe5 fxe5 26.Bxc5 dxc5 27.Na6 Rb3 28.
Nxc5 Rxa3 29.Qb2 Ra5 30.Qb4 Ra2 31.Ne6 Qc8 32.c5 Ra6 33.Nxc7 Rc6 34.Nb5 
Rxc5 35.Nd6 Qc7 36.Qb3+ Bd5 37.exd5 Qxd6 38.Qb7 Ne7 39.Qxa7 Rc2 40.Qa4 Rc8
41.Qe4 Rd8 42.d4 Qxd5 43.Qxe5 Qxe5 44.dxe5 Rd2 45.Re1 Kf7 46.h4 Nf5 47.Kh3
Rd3 48.Be4 Rxg3+ 49.Kh2 Re3 50.Rxe3 Nxe3 51.Bxh7 Ng4+ 1/2-1/2

[Event "15th EUR-ch (w)"]
[Site "Plovdiv BUL"]
[Date "2014.07.15"]
[Round "9.25"]
[White "Mamedyarova, Turkan"]
[Black "Vasilevich, Irina"]
[Result "1/2-1/2"]
[WhiteElo "2205"]
[BlackElo "2328"]
[EventDate "2014.07.06"]
[PlyCount "55"]

1.e4 e5 2.Nf3 Nf6 3.Nxe5 Nxe4 4.Nc3 Nxc3 5.dxc3 d5 6.Bf4 Be6 7.Bb5+ c6 8.
Bd3 Bd6 9.Qh5 Qf6 10.Bg3 g6 11.Qe2 Qe7 12.O-O-O Nd7 13.Nxd7 Qxd7 14.Bxd6 
Qxd6 15.Qe3 O-O 16.h4 Rfe8 17.h5 Bg4 18.Qh6 Qf8 19.Qxf8+ Kxf8 20.f3 Bd7 
21.hxg6 hxg6 22.Rh7 Rad8 23.Rdh1 c5 24.Rh8+ Kg7 25.R8h7+ Kf8 26.Rh8+ Kg7 
27.R8h7+ Kf8 28.Rh8+ 1/2-1/2

[Event "15th EUR-ch (w)"]
[Site "Plovdiv BUL"]
[Date "2014.07.15"]
[Round "9.26"]
[White "Peptan, Corina-Isabela"]
[Black "Fuchs, Judith"]
[Result "1/2-1/2"]
[WhiteElo "2453"]
[BlackElo "2280"]
[EventDate "2014.07.06"]
[PlyCount "139"]

1.e4 c5 2.Nf3 d6 3.Bc4 Nf6 4.d3 Nc6 5.c3 g6 6.Bb3 Bg7 7.O-O O-O 8.h3 b5 9.
Be3 Nd7 10.Nbd2 a5 11.a4 b4 12.Rc1 Ba6 13.Nc4 Rb8 14.Re1 Nb6 15.Nfd2 e6 
16.Bf4 Nc8 17.Nf3 Rb7 18.Ba2 Rd7 19.Qd2 Nb6 20.Nxb6 Qxb6 21.Bh6 Ne5 22.
Nxe5 dxe5 23.Bxg7 Kxg7 24.cxb4 cxb4 25.Bc4 Rfd8 26.Qg5 Bxc4 27.dxc4 Qc5 
28.Qe3 Qxe3 29.Rxe3 Rd1+ 30.Re1 R1d2 31.b3 R8d3 32.Rb1 Rc2 33.Red1 Rxd1+ 
34.Rxd1 Rc3 35.Rb1 Kf6 36.Kf1 Ke7 37.Ke2 Rc2+ 38.Ke1 Rc3 39.Ke2 h5 40.Rb2 
f6 41.h4 f5 42.exf5 gxf5 43.f3 Kf6 44.Kd1 e4 45.fxe4 fxe4 46.Rc2 e3 47.c5 
Ke7 48.g4 hxg4 49.Rg2 g3 50.h5 Rd3+ 51.Ke1 Rxb3 52.Rxg3 Rc3 53.h6 Rxc5 54.
h7 Rh5 55.Rg5 Rxh7 56.Rxa5 Rh2 57.Rb5 Rb2 58.a5 Ra2 59.Rxb4 Rxa5 60.Rb3 
Re5 61.Ke2 Kf6 62.Rb4 Kf5 63.Ra4 Re4 64.Ra8 Ke5 65.Rb8 Kf6 66.Rb5 Kg6 67.
Ra5 Kf6 68.Rb5 Re5 69.Rxe5 Kxe5 70.Kxe3 1/2-1/2

[Event "15th EUR-ch (w)"]
[Site "Plovdiv BUL"]
[Date "2014.07.15"]
[Round "9.27"]
[White "Manakova, Maria"]
[Black "Milliet, Sophie"]
[Result "0-1"]
[WhiteElo "2273"]
[BlackElo "2406"]
[EventDate "2014.07.06"]
[PlyCount "124"]

1.e4 d6 2.d4 Nf6 3.Nc3 e5 4.Nf3 Nbd7 5.g3 Be7 6.Bg2 O-O 7.O-O c6 8.a4 b6 
9.Re1 Bb7 10.b3 a6 11.Bb2 Qc7 12.Qd2 b5 13.Nh4 g6 14.Nd1 Rfe8 15.f4 Bf8 
16.axb5 axb5 17.Rxa8 Bxa8 18.dxe5 dxe5 19.fxe5 Nxe5 20.Nf2 Nfg4 21.h3 Nxf2
22.Qxf2 Bg7 23.Bd4 Bb7 24.Bb6 Qd6 25.Bc5 Qf6 26.Nf3 Nxf3+ 27.Bxf3 Bc8 28.
h4 Qe6 29.Rf1 h5 30.Bg2 Rd8 31.Bb6 Rd7 32.Kh2 Rd6 33.e5 Bxe5 34.Bc7 Bd4 
35.Qf3 Rd5 36.c3 Bg7 37.Qf2 Rd3 38.Re1 Qd7 39.Qe2 Rd2 40.Qe8+ Kh7 41.Qxd7 
Bxd7 42.c4 bxc4 43.bxc4 Rc2 44.Bd6 Rxc4 45.Re7 Be6 46.Rc7 Rc2 47.Kh1 Bd4 
48.Be4 Rc1+ 49.Kg2 c5 50.Bf4 Ra1 51.Kf3 Ra3+ 52.Ke2 Kg7 53.Kd2 c4 54.Kc2 
Ra2+ 55.Kb1 Re2 56.Bf3 Rf2 57.Be4 c3 58.Bd3 Rg2 59.Rb7 Rb2+ 60.Rxb2 cxb2 
61.Bd6 Kf6 62.Ba3 Bf5 0-1